Normal view
MARC view
- الصلاة- صلاة المسافر
Entry Topical Term
001 - CONTROL NUMBER
- control field: 20387
003 - CONTROL NUMBER IDENTIFIER
- control field: JO-AjAnu
005 - DATE AND TIME OF LATEST TRANSACTION
- control field: 20230606073540.0
008 - FIXED-LENGTH DATA ELEMENTS
- fixed length control field: 230606|| aca||aabn | a|a d
040 ## - CATALOGING SOURCE
- Original cataloging agency: JO-AjAnu
- Transcribing agency: JO-AjAnu
150 ## - HEADING--TOPICAL TERM
- Topical term or geographic name entry element: الصلاة- صلاة المسافر
670 ## - SOURCE DATA FOUND
- Source citation: Work cat.: (JO-AjAnu)10469: العماري، أحمد بن محمد بن الصديق ؛ اشراف، علوي بن حامد شهاب الدين, author 20386, إزالة الخطر عمن جمع بين الصلاتين في الحضر